[Event "Wch Seniors 65 27th"]
[Site "Acqui Terme"]
[Date "2017.11.16"]
[Round "9"]
[White "Povah, Nigel Edward"]
[Black "Gutkin, Boris"]
[Result "1-0"]
[WhiteElo "2295"]
[BlackElo "2250"]
[PlyCount "51"]
[EventDate "2017.11.07"]
[EventType "swiss"]
[EventRounds "11"]
[EventCountry "ITA"]
[SourceTitle "CBM 181 Extra"]
[Source "ChessBase"]
[SourceDate "2017.12.12"]
[SourceVersion "1"]
[SourceVersionDate "2017.12.12"]
[SourceQuality "1"]

1. d4 d5 2. Bg5 c6 3. e3 Qb6 4. Qc1 Bf5 5. Nf3 h6 6. Bh4 e6 7. c4 Nd7 8. Nc3 Ngf6 9. Be2 Be7 10. 0-0 0-0 11. h3 Rfe8 12. c5 Qd8 13. Bg3 Ne4 14. Nxe4 Bxe4 15. Nd2 Bg6 16. b4 Bf8 17. Qc3 f6 18. Bd3 Bxd3 19. Qxd3 e5 20. b5 Qa5 21. Rfb1 Rac8 22. a4 Qc7 23. a5 Qd8 24. bxc6 bxc6 25. Rb7 Bxc5 26. Qf5 1-0

[Event "Wch Seniors 65 26th"]
[Site "Marianske Lazne"]
[Date "2016.11.30"]
[Round "11"]
[White "Kolbak, Jens"]
[Black "Gutkin, Boris"]
[Result "1/2-1/2"]
[WhiteElo "2189"]
[BlackElo "2275"]
[PlyCount "98"]
[EventDate "2016.11.19"]
[EventType "swiss"]
[EventRounds "11"]
[EventCountry "CZE"]
[SourceTitle "CBM 175 Extra"]
[Source "ChessBase"]
[SourceDate "2016.12.12"]
[SourceVersion "1"]
[SourceVersionDate "2016.12.12"]
[SourceQuality "1"]

1. e4 c5 2. Nf3 d6 3. Bb5+ Nd7 4. 0-0 a6 5. Bd3 Ngf6 6. Re1 g6 7. h3 Bg7 8. a4 b6 9. Nc3 Bb7 10. Bf1 0-0 11. d3 Bc6 12. d4 cxd4 13. Nxd4 Bb7 14. Bg5 Rc8 15. Qd2 Ne5 16. Bh6 Nc4 17. Bxc4 Rxc4 18. Bxg7 Kxg7 19. b3 Rc5 20. Re3 h6 21. Rae1 e5 22. Nde2 Qc7 23. Rd1 Rd8 24. Qe1 Rc8 25. f3 Qe7 26. Red3 Ne8 27. Qf2 Qc7 28. Qe3 Rd8 29. f4 Nf6 30. b4 exf4 31. Qxf4 Re5 32. Rd4 Qe7 33. Ng3 Rd7 34. R1d3 b5 35. axb5 axb5 36. Kh2 Rd8 37. Rd2 Rd7 38. R2d3 Rd8 39. Rd2 Rc8 40. Qf3 Rd8 41. Qd3 d5 42. Qe3 Rb8 43. Nxb5 Bc6 44. Na3 Rxb4 45. Qc3 Rxd4 46. Rxd4 dxe4 47. Qxc6 Qxa3 48. Nxe4 Re6 49. Qc3 Qxc3 1/2-1/2

[Event "Wch Seniors 65 26th"]
[Site "Marianske Lazne"]
[Date "2016.11.24"]
[Round "6"]
[White "Beltz, Robert"]
[Black "Gutkin, Boris"]
[Result "1/2-1/2"]
[WhiteElo "2135"]
[BlackElo "2275"]
[PlyCount "85"]
[EventDate "2016.11.19"]
[EventType "swiss"]
[EventRounds "11"]
[EventCountry "CZE"]
[SourceTitle "CBM 175 Extra"]
[Source "ChessBase"]
[SourceDate "2016.12.12"]
[SourceVersion "1"]
[SourceVersionDate "2016.12.12"]
[SourceQuality "1"]

1. Nf3 Nf6 2. c4 g6 3. d4 Bg7 4. Nc3 0-0 5. Bg5 h6 6. Bh4 d6 7. e3 Nbd7 8. Be2 e5 9. Nd2 c6 10. Nde4 g5 11. Nxf6+ Qxf6 12. dxe5 dxe5 13. Bg3 Nc5 14. Qc2 Bf5 15. e4 Bd7 16. 0-0-0 Rfd8 17. h4 Ne6 18. hxg5 hxg5 19. Kb1 Nf4 20. Bxf4 exf4 21. e5 Qxe5 22. Qh7+ Kf8 23. Bd3 Bg4 24. Rhe1 Qf6 25. f3 Rxd3 26. Qxd3 Bf5 27. Re4 Bxe4 28. Qxe4 Rd8 29. Rxd8+ Qxd8 30. Kc2 Qa5 31. Qd3 Bxc3 32. Qxc3 Qc5 33. b4 Qf5+ 34. Kb2 f6 35. Qc2 Qe5+ 36. Kb3 Qe3+ 37. Ka4 Qd4 38. Qe2 Kf7 39. Qc2 Ke6 40. Qh7 Qd1+ 41. Ka3 Qc1+ 42. Kb3 Qd1+ 43. Ka3 1/2-1/2

[Event "EU-chT Seniors 65"]
[Site "Chalkidiki"]
[Date "2016.04.23"]
[Round "5.3"]
[White "Carlsten, Peter"]
[Black "Gutkin, Boris"]
[Result "1-0"]
[WhiteElo "2064"]
[BlackElo "2320"]
[PlyCount "73"]
[EventDate "2016.04.19"]
[EventType "team-tourn"]
[EventRounds "9"]
[EventCountry "GRE"]
[SourceTitle "CBM 172 Extra"]
[Source "ChessBase"]
[SourceDate "2016.06.21"]
[SourceVersion "1"]
[SourceVersionDate "2016.06.21"]
[SourceQuality "1"]
[WhiteTeam "Sweden"]
[BlackTeam "Israel"]
[WhiteTeamCountry "SWE"]
[BlackTeamCountry "ISR"]

1. e4 c5 2. Nf3 d6 3. d4 cxd4 4. Nxd4 Nf6 5. Nc3 a6 6. Bc4 e6 7. Bb3 Nc6 8. 0-0 Na5 9. f4 Be7 10. Kh1 Qc7 11. f5 Nxb3 12. axb3 Bd7 13. Qd3 0-0 14. Bg5 Rae8 15. Rad1 Bc8 16. Qh3 Bd8 17. Qg3 Kh8 18. Rf3 Nh5 19. Qh4 Bxg5 20. Qxg5 Nf6 21. Rg3 Rg8 22. Rh3 Qe7 23. Nde2 g6 24. fxe6 fxe6 25. e5 dxe5 26. Qxe5 Rg7 27. Nf4 Kg8 28. Rhd3 Ng4 29. Qe2 e5 30. Ncd5 Qf8 31. Nh3 Rf7 32. Rf3 e4 33. Rxf7 Qxf7 34. c4 e3 35. Rf1 Nf2+ 36. Nxf2 exf2 37. Qxe8+ 1-0

[Event "Wch Seniors 22nd"]
[Site "Kamena Vourla"]
[Date "2012.11.21"]
[Round "8"]
[White "Zhelesny, Stanislav"]
[Black "Gutkin, Boris"]
[Result "0-1"]
[WhiteElo "2127"]
[BlackElo "2289"]
[PlyCount "120"]
[EventDate "2012.11.13"]
[EventType "swiss"]
[EventRounds "11"]
[EventCountry "GRE"]
[SourceTitle "CBM 151 Extra"]
[Source "ChessBase"]
[SourceDate "2012.12.18"]
[SourceVersion "1"]
[SourceVersionDate "2012.12.18"]
[SourceQuality "1"]

1. d4 Nf6 2. Nf3 g6 3. c4 Bg7 4. g3 0-0 5. Bg2 d6 6. 0-0 Nc6 7. Nc3 a6 8. b3 Rb8 9. a4 Na5 10. Ba3 b6 11. Rc1 c5 12. Nd5 Be6 13. Nxf6+ Bxf6 14. d5 Bd7 15. b4 Nb7 16. Qc2 cxb4 17. Bxb4 Nc5 18. Bxc5 bxc5 19. Rb1 Qa5 20. h4 Qxa4 21. Qd3 Qa2 22. Nd2 Ba4 23. Be4 Bd7 24. h5 Kg7 25. Kg2 a5 26. Rh1 Rxb1 27. Rxb1 a4 28. Rh1 Qb2 29. Qe3 g5 30. h6+ Kh8 31. Rb1 Qc3 32. Rb7 Qxe3 33. fxe3 Rd8 34. Ra7 g4 35. Bc2 Bg5 36. Kf2 Bxh6 37. Bxa4 Bxa4 38. Rxa4 Kg8 39. Ra7 Kf8 40. Nb3 Bg5 41. Na5 f5 42. Nc6 Re8 43. Rd7 Ra8 44. Na7 Ke8 45. Rb7 Kf7 46. Rc7 Rb8 47. Nb5 Kf6 48. Rd7 h5 49. Ra7 Rh8 50. Rd7 h4 51. gxh4 Rxh4 52. Nxd6 exd6 53. Rxd6+ Kf7 54. Re6 Rh2+ 55. Kf1 Rh1+ 56. Kg2 Re1 57. Re5 Rxe2+ 58. Kf1 Rxe3 59. Rxf5+ Kg6 60. Rf8 Re4 0-1

[Event "Wch Seniors 22nd"]
[Site "Kamena Vourla"]
[Date "2012.11.19"]
[Round "7"]
[White "Gutkin, Boris"]
[Black "Pushkov, Nikolai"]
[Result "0-1"]
[WhiteElo "2289"]
[BlackElo "2404"]
[PlyCount "94"]
[EventDate "2012.11.13"]
[EventType "swiss"]
[EventRounds "11"]
[EventCountry "GRE"]
[SourceTitle "CBM 151 Extra"]
[Source "ChessBase"]
[SourceDate "2012.12.18"]
[SourceVersion "1"]
[SourceVersionDate "2012.12.18"]
[SourceQuality "1"]

1. Nf3 Nf6 2. c4 e6 3. d4 b6 4. g3 Bb7 5. Bg2 Be7 6. Nc3 Na6 7. 0-0 0-0 8. b3 d5 9. Ne5 c5 10. Bb2 Rb8 11. cxd5 exd5 12. e3 Nc7 13. Qd2 Bd6 14. Rfd1 Qe7 15. Rac1 Rfd8 16. Nd3 c4 17. Ne5 b5 18. Ne2 Nd7 19. bxc4 bxc4 20. Nxd7 Qxd7 21. Bc3 Bc6 22. Nf4 Ba3 23. Rb1 Qd6 24. Ba5 Rxb1 25. Rxb1 Qe7 26. h4 h6 27. h5 Bd6 28. Qc1 Bxf4 29. gxf4 Rc8 30. Qc2 Qd7 31. Kh2 Ba4 32. Qe2 Ne6 33. Bc3 Rd8 34. Rg1 f5 35. Bh3 Qf7 36. Rb1 Re8 37. Qf3 Bc2 38. Rg1 Be4 39. Qd1 Rb8 40. Qe2 Nf8 41. f3 Bd3 42. Qg2 Re8 43. e4 fxe4 44. f5 exf3 45. Qxf3 Re2+ 46. Rg2 Rxg2+ 47. Bxg2 Be4 0-1

[Event "Wch Seniors 22nd"]
[Site "Kamena Vourla"]
[Date "2012.11.16"]
[Round "4"]
[White "Kristiansen, Jens"]
[Black "Gutkin, Boris"]
[Result "1-0"]
[WhiteElo "2429"]
[BlackElo "2289"]
[PlyCount "89"]
[EventDate "2012.11.13"]
[EventType "swiss"]
[EventRounds "11"]
[EventCountry "GRE"]
[SourceTitle "CBM 151 Extra"]
[Source "ChessBase"]
[SourceDate "2012.12.18"]
[SourceVersion "1"]
[SourceVersionDate "2012.12.18"]
[SourceQuality "1"]

1. e4 c5 2. d3 Nc6 3. g3 g6 4. Bg2 Bg7 5. f4 d6 6. Nf3 e6 7. 0-0 Nge7 8. c3 0-0 9. Be3 Rb8 10. Bf2 b6 11. d4 Ba6 12. Re1 Rc8 13. Na3 cxd4 14. cxd4 d5 15. e5 Qd7 16. Nc2 Na5 17. g4 Qb5 18. b3 Qd3 19. Nb4 Qxd1 20. Raxd1 Bb5 21. Bh4 Rfe8 22. Bxe7 Rxe7 23. f5 Rec7 24. fxe6 fxe6 25. Ng5 Bf8 26. Nxe6 Bxb4 27. Nxc7 Rxc7 28. Bxd5+ Kg7 29. Re3 Rd7 30. a4 Bc6 31. Bxc6 Nxc6 32. e6 Rd5 33. Kg2 Be7 34. Re4 Bf6 35. Rc1 Ne7 36. Rc7 a5 37. Rb7 Rd6 38. Rd7 Rd5 39. Kf3 g5 40. Rb7 Rd6 41. Ke3 Kg6 42. Kd3 h5 43. h3 hxg4 44. hxg4 Rc6 45. Rd7 1-0

[Event "Wch Seniors 20th"]
[Site "Arco"]
[Date "2010.11.05"]
[Round "10"]
[White "Cebalo, Miso"]
[Black "Gutkin, Boris"]
[Result "1-0"]
[WhiteElo "2493"]
[BlackElo "2275"]
[PlyCount "57"]
[EventDate "2010.10.26"]
[EventType "swiss"]
[EventRounds "11"]
[EventCountry "ITA"]
[SourceTitle "EXT 2011"]
[Source "ChessBase"]
[SourceDate "2010.11.26"]
[SourceVersion "1"]
[SourceVersionDate "2010.11.26"]
[SourceQuality "1"]

1. d4 d5 2. c4 c6 3. Nf3 Nf6 4. Nc3 e6 5. Bg5 h6 6. Bh4 dxc4 7. e4 g5 8. Bg3 b5 9. Be2 b4 10. Na4 Nxe4 11. Be5 Nf6 12. Nc5 Nbd7 13. Nxd7 Bxd7 14. Bxc4 Bg7 15. h4 g4 16. Nd2 c5 17. dxc5 Rc8 18. 0-0 Rxc5 19. Re1 Bc6 20. Qe2 0-0 21. Nb3 Rxe5 22. Qxe5 Nd5 23. Qg3 h5 24. Rad1 Qf6 25. Nc5 Nf4 26. Rd6 Bxg2 27. Nd7 Qf5 28. Nxf8 Bxf8 29. Rd4 1-0

[Event "Vladimir op-A"]
[Site "Vladimir"]
[Date "2009.08.28"]
[Round "9"]
[White "Gutkin, Boris"]
[Black "Petrov, Artur"]
[Result "1-0"]
[WhiteElo "2283"]
[BlackElo "2253"]
[PlyCount "69"]
[EventDate "2009.08.19"]
[EventType "swiss"]
[EventRounds "9"]
[EventCountry "RUS"]
[SourceTitle "EXT 2010"]
[Source "ChessBase"]
[SourceDate "2010.11.25"]
[SourceVersion "1"]
[SourceVersionDate "2010.11.25"]
[SourceQuality "1"]

1. e4 c5 2. c3 Nf6 3. e5 Nd5 4. d4 cxd4 5. Qxd4 e6 6. Nf3 Nc6 7. Qe4 f5 8. Qe2 Qc7 9. g3 b5 10. Bg2 a5 11. 0-0 Ba6 12. Re1 Bc5 13. Nbd2 0-0 14. Nb3 Bb6 15. Bd2 b4 16. c4 a4 17. Nc1 Nd4 18. Nxd4 Bxc4 19. Nxe6 dxe6 20. Nd3 Qa7 21. Bxd5 Bxd5 22. Bxb4 Rfe8 23. Nf4 Be4 24. Red1 Rac8 25. Bc3 Ba8 26. h4 a3 27. Rd2 axb2 28. Bxb2 Qa4 29. Kh2 Rc4 30. Nh3 f4 31. Rad1 Qc6 32. f3 fxg3+ 33. Kxg3 Rf8 34. Ng5 Rcf4 35. Rd3 1-0

[Event "Vladimir op-A"]
[Site "Vladimir"]
[Date "2009.08.25"]
[Round "6"]
[White "Sukhareva, Evgenia"]
[Black "Gutkin, Boris"]
[Result "0-1"]
[WhiteElo "2178"]
[BlackElo "2283"]
[PlyCount "80"]
[EventDate "2009.08.19"]
[EventType "swiss"]
[EventRounds "9"]
[EventCountry "RUS"]
[SourceTitle "EXT 2010"]
[Source "ChessBase"]
[SourceDate "2010.11.25"]
[SourceVersion "1"]
[SourceVersionDate "2010.11.25"]
[SourceQuality "1"]

1. d4 d5 2. Nf3 Nf6 3. c4 c6 4. e3 g6 5. b4 Bg7 6. Bb2 0-0 7. Nbd2 Bf5 8. Be2 Nbd7 9. h3 Ne4 10. 0-0 Re8 11. Nxe4 Bxe4 12. Nd2 Bf5 13. f3 e5 14. e4 Be6 15. exd5 cxd5 16. c5 exd4 17. Nb3 d3 18. Bxg7 dxe2 19. Qxe2 Kxg7 20. Qd2 Ne5 21. Qd4 Qf6 22. Qf2 Rad8 23. Rad1 Bf5 24. Rd4 Nc6 25. Rd2 Nxb4 26. Rfd1 Nc6 27. Rxd5 Rxd5 28. Rxd5 Rd8 29. Rxd8 Qxd8 30. f4 Be6 31. Nd2 Qd4 32. a3 h5 33. Qxd4+ Nxd4 34. Kf1 Nb3 35. Ne4 Bd5 36. Nd6 Nxc5 37. Nc8 a6 38. g4 hxg4 39. hxg4 Be6 40. Nd6 Bxg4 0-1

[Event "Vladimir op-A"]
[Site "Vladimir"]
[Date "2009.08.19"]
[Round "1"]
[White "Gutkin, Boris"]
[Black "Dobrov, Vladimir"]
[Result "0-1"]
[WhiteElo "2283"]
[BlackElo "2514"]
[PlyCount "92"]
[EventDate "2009.08.19"]
[EventType "swiss"]
[EventRounds "9"]
[EventCountry "RUS"]
[SourceTitle "EXT 2010"]
[Source "ChessBase"]
[SourceDate "2010.11.25"]
[SourceVersion "1"]
[SourceVersionDate "2010.11.25"]
[SourceQuality "1"]

1. e4 c5 2. c3 d5 3. exd5 Qxd5 4. d4 Nf6 5. Nf3 e6 6. Bd3 Nc6 7. 0-0 cxd4 8. cxd4 Be7 9. Nc3 Qd6 10. a3 0-0 11. Be3 b6 12. Qe2 Bb7 13. Rad1 Rad8 14. h3 Qb8 15. Rfe1 Rfe8 16. Bb5 Rf8 17. Bc1 Na5 18. b4 Qc8 19. Bb2 a6 20. bxa5 axb5 21. axb6 b4 22. axb4 Bxb4 23. Rc1 Qa8 24. Red1 Qa5 25. Ra1 Qxb6 26. Rdb1 Qc7 27. Na4 Qf4 28. Bc1 Bxf3 29. Bxf4 Bxe2 30. Rxb4 Nd5 31. Bd2 Nxb4 32. Bxb4 Rfe8 33. Bc5 Ra8 34. Re1 Rxa4 35. Rxe2 Rb8 36. g3 Rb1+ 37. Kg2 Rd1 38. Rb2 h5 39. g4 hxg4 40. hxg4 Kh7 41. Kf3 Rc4 42. Re2 g5 43. Re5 Kg6 44. Be7 f6 45. Rxe6 Kf7 46. Re4 Rd3+ 0-1

[Event "Wch Seniors 18th"]
[Site "Bad Zwischenahn"]
[Date "2008.11.03"]
[Round "7"]
[White "Kapengut, Albert Z"]
[Black "Gutkin, Boris"]
[Result "1-0"]
[WhiteElo "2430"]
[BlackElo "2283"]
[PlyCount "77"]
[EventDate "2008.10.28"]
[EventType "swiss"]
[EventRounds "11"]
[EventCountry "GER"]
[SourceTitle "EXT 2009"]
[Source "ChessBase"]
[SourceDate "2008.11.26"]
[SourceVersion "1"]
[SourceVersionDate "2008.11.26"]
[SourceQuality "1"]

1. e4 c5 2. Nf3 d6 3. d4 cxd4 4. Nxd4 Nf6 5. Nc3 a6 6. f4 e6 7. Be2 Be7 8. 0-0 Nc6 9. Be3 Qc7 10. a4 Nxd4 11. Qxd4 e5 12. Qd3 exf4 13. Rxf4 Be6 14. Nd5 Bxd5 15. exd5 Nd7 16. Rc4 Qd8 17. Rb4 b6 18. Qb3 Nc5 19. Bxc5 bxc5 20. Rb6 0-0 21. Bxa6 Bf6 22. Kh1 Bd4 23. Rc6 Re8 24. Rf1 Qh4 25. Qf3 Be5 26. g3 Qe7 27. c3 g6 28. Bb5 Rf8 29. b4 cxb4 30. cxb4 f5 31. Rfc1 Qg5 32. R1c4 Qd2 33. Rc2 Qe1+ 34. Kg2 g5 35. Bd3 g4 36. Qe2 Qb1 37. Bxf5 Rxa4 38. Qxg4+ Bg7 39. Rc8 1-0

[Event "ISR-chT"]
[Site "Israel"]
[Date "2003.05.02"]
[Round "9"]
[White "Slutzky, Leonid"]
[Black "Gutkin, Boris"]
[Result "1/2-1/2"]
[WhiteElo "2329"]
[BlackElo "2306"]
[PlyCount "82"]
[EventDate "2003.01.??"]
[EventType "team"]
[EventRounds "11"]
[EventCountry "ISR"]
[SourceTitle "EXT 2004"]
[Source "ChessBase"]
[SourceDate "2003.11.25"]
[SourceVersion "1"]
[SourceVersionDate "2003.11.25"]
[SourceQuality "1"]

1. Nf3 d5 2. d4 Nf6 3. c4 c6 4. e3 a6 5. Bd3 e6 6. 0-0 dxc4 7. Bxc4 c5 8. Bb3 Be7 9. Qe2 cxd4 10. exd4 Nc6 11. Rd1 Nb4 12. Nc3 0-0 13. Ne5 Bd7 14. a3 Nbd5 15. Rd3 Bb5 16. Nxb5 axb5 17. Rh3 Qb6 18. Bg5 Rad8 19. Rd1 Rd6 20. Qd3 g6 21. Qf3 Qd8 22. Bc2 Ne8 23. Bh6 Ng7 24. Qe2 Bg5 25. Bxg5 Qxg5 26. Rg3 Qd8 27. Qxb5 Rb6 28. Qc5 Rxb2 29. Be4 Nf5 30. Rf3 Nfe7 31. Qc1 Rb6 32. Bxd5 Qxd5 33. Ng4 f5 34. Qh6 Qxd4 35. Ne3 Qg7 36. Qf4 e5 37. Qc4+ Qf7 38. Qc7 Qe6 39. Rd7 Rf7 40. Nf1 e4 41. Rc3 Kg7 1/2-1/2

[Event "Biel MTO op"]
[Site "Biel"]
[Date "2001.07.31"]
[Round "8"]
[White "Gutkin, Boris"]
[Black "Tseitlin, Mark D"]
[Result "0-1"]
[WhiteElo "2295"]
[BlackElo "2509"]
[PlyCount "114"]
[EventDate "2001.07.23"]
[EventType "swiss"]
[EventRounds "11"]
[EventCountry "SUI"]
[SourceTitle "CBM 083 Extra"]
[Source "ChessBase"]
[SourceDate "2001.09.11"]
[SourceVersion "1"]
[SourceVersionDate "2001.09.11"]
[SourceQuality "1"]

1. Nf3 g6 2. c4 Bg7 3. Nc3 d6 4. g3 e5 5. d4 Nd7 6. Bg2 Ngf6 7. 0-0 0-0 8. Qc2 Re8 9. Rd1 c6 10. e4 exd4 11. Nxd4 Ne5 12. Nce2 Qb6 13. h3 a5 14. Be3 Qa6 15. Rac1 a4 16. Nf4 Nfd7 17. Nde2 Bf8 18. Nd3 Qa5 19. b4 axb3 20. axb3 Nxd3 21. Qxd3 Nc5 22. Qb1 Qb4 23. Nd4 Bg7 24. Bd2 Qb6 25. Be3 Qb4 26. Bd2 Qa3 27. Be3 Qa2 28. b4 Qxb1 29. Rxb1 Nxe4 30. Bxe4 Rxe4 31. Kg2 Ra2 32. Kf3 Re8 33. g4 Bd7 34. c5 dxc5 35. bxc5 Bc8 36. Ra1 Rxa1 37. Rxa1 Be6 38. Ra7 Bd5+ 39. Kg3 Be5+ 40. Kh4 Rb8 41. g5 Kf8 42. f4 Bc7 43. Kg3 Ke7 44. Kf2 Kd7 45. h4 Kc8 46. f5 Kd7 47. f6 Bc4 48. Ra4 Bb5 49. Nxb5 cxb5 50. Rb4 Kc6 51. Re4 Rd8 52. Ke2 Ba5 53. Re7 Rd7 54. Re8 b4 55. Ra8 b3 56. Bc1 Bc3 57. Rc8+ Rc7 0-1

[Event "Biel MTO op"]
[Site "Biel"]
[Date "2001.07.29"]
[Round "6"]
[White "Gutkin, Boris"]
[Black "Rufener, Markus"]
[Result "1-0"]
[WhiteElo "2295"]
[BlackElo "2194"]
[PlyCount "57"]
[EventDate "2001.07.23"]
[EventType "swiss"]
[EventRounds "11"]
[EventCountry "SUI"]
[SourceTitle "CBM 083 Extra"]
[Source "ChessBase"]
[SourceDate "2001.09.11"]
[SourceVersion "1"]
[SourceVersionDate "2001.09.11"]
[SourceQuality "1"]

1. c4 e5 2. g3 Nf6 3. Bg2 d5 4. cxd5 Nxd5 5. Nf3 Nc6 6. 0-0 Be7 7. d4 exd4 8. Nxd4 Nxd4 9. Qxd4 Be6 10. Qxg7 Bf6 11. Qh6 Qe7 12. e4 Nb4 13. Nc3 0-0-0 14. Bf4 Nd3 15. Be3 Nxb2 16. Nb5 a6 17. Nxc7 Kxc7 18. Bf4+ Kc8 19. e5 Bh4 20. Rab1 Qa3 21. Qxh4 Bxa2 22. Ra1 Nd3 23. Bg5 Rd7 24. Bf6 Re8 25. Bh3 Nxe5 26. Bxe5 Rxe5 27. Bxd7+ Kxd7 28. Qd4+ Ke6 29. Qd2 1-0

[Event "Biel MTO op"]
[Site "Biel"]
[Date "2001.07.26"]
[Round "4"]
[White "Gutkin, Boris"]
[Black "Bagirov, Rufat"]
[Result "1/2-1/2"]
[WhiteElo "2295"]
[BlackElo "2458"]
[PlyCount "107"]
[EventDate "2001.07.23"]
[EventType "swiss"]
[EventRounds "11"]
[EventCountry "SUI"]
[SourceTitle "CBM 083 Extra"]
[Source "ChessBase"]
[SourceDate "2001.09.11"]
[SourceVersion "1"]
[SourceVersionDate "2001.09.11"]
[SourceQuality "1"]

1. c4 e6 2. Nf3 d5 3. d4 Nf6 4. Nc3 Bb4 5. cxd5 exd5 6. Bg5 Nbd7 7. e3 c5 8. Bxf6 Nxf6 9. Bb5+ Bd7 10. Bxd7+ Qxd7 11. Ne5 Qb5 12. Qe2 Qa5 13. 0-0 0-0 14. dxc5 Bxc3 15. bxc3 Qxc5 16. Qb2 b6 17. Rac1 Rfe8 18. c4 Qc7 19. f4 Qc5 20. Rfe1 Rac8 21. cxd5 Qxd5 22. Qb3 Qxb3 23. axb3 Ne4 24. b4 Nc3 25. Rc2 f6 26. Nd3 Red8 27. Nf2 Nd5 28. Ra2 Nxb4 29. Rxa7 Nc2 30. Re2 Nxe3 31. Rxe3 Rc1+ 32. Nd1 Rcxd1+ 33. Kf2 R1d2+ 34. Kf3 R8d3 35. Rxd3 Rxd3+ 36. Ke2 Rd5 37. Rb7 b5 38. g4 h5 39. h3 Kh7 40. Ke3 Rc5 41. Ke4 h4 42. Kd3 Kh6 43. Rb8 Kg6 44. Rb7 Kh7 45. Rb8 f5 46. gxf5 Rxf5 47. Ke4 Rc5 48. Kf3 g5 49. fxg5 Rxg5 50. Kf4 Rc5 51. Kg4 Rc4+ 52. Kg5 b4 53. Kf6 Rd4 54. Ke5 1/2-1/2

[Event "ISR-chT"]
[Site "Israel"]
[Date "1996.??.??"]
[Round "8"]
[White "Gutkin, Boris"]
[Black "Diker, Michael"]
[Result "0-1"]
[WhiteElo "2295"]
[BlackElo "2290"]
[PlyCount "56"]
[EventDate "1996.??.??"]
[EventType "team"]
[EventRounds "11"]
[EventCountry "ISR"]
[SourceTitle "CBM 052 Extra"]
[Source "ChessBase"]
[SourceDate "1996.07.01"]
[SourceVersion "1"]
[SourceVersionDate "1996.07.01"]
[SourceQuality "1"]

1. c4 c5 2. Nc3 b6 3. Nf3 Bb7 4. e4 e6 5. Be2 d6 6. d4 cxd4 7. Nxd4 Nf6 8. 0-0 Be7 9. Re1 0-0 10. Bf1 Nbd7 11. g3 a6 12. Bg2 Qc7 13. Na4 Qxc4 14. b3 Qc7 15. Ba3 Rac8 16. e5 Nxe5 17. Rc1 Qb8 18. Rxc8 Qxc8 19. Nxb6 Qc7 20. Bxb7 Qxb7 21. Nc4 Nxc4 22. bxc4 Rc8 23. Qb3 Qa7 24. Qe3 Ng4 25. Qf4 Ne5 26. c5 Nd3 27. Qg4 h5 28. Qe2 Nxe1 0-1